Rencontres | Matchs de sélections interdits au Football (UEFA) - Statistiques

Statistiques générales
  • Ce quiz a été pris 68 fois
  • Le résultat moyen est 5 sur 9
Statistiques - réponses
Réponse % Correct
Ukraine
100%
Biélorussie
82%
Serbie
56%
Kosovo
56%
Bosnie-Herzégovine
53%
Armenie
44%
Azerbaïdjan
39%
Espagne
35%
Gibraltar
24%
Aucun quiz correspondant
Distribution des résultats
% des personnes avec chaque résultat
Percentile par nombre de réponses
Votre historique - résultats
Vous n’avez pas pris ce quiz